New GRE (Graduate Record Examimation) (Record no. 349130)
[ view plain ]
| 000 -LEADER | |
|---|---|
| fixed length control field | 00472 a2200169 4500 |
| 020 ## - INTERNATIONAL STANDARD BOOK NUMBER | |
| International Standard Book Number | 9781438070780 |
| 024 ## - OTHER STANDARD IDENTIFIER | |
| Standard number or code | 9781438070780 |
| 082 ## - DEWEY DECIMAL CLASSIFICATION NUMBER | |
| Classification number | 378.1662 |
| 090 ## - LOCALLY ASSIGNED LC-TYPE CALL NUMBER (OCLC); LOCAL CALL NUMBER (RLIN) | |
| -- | 6788 |
| -- | 6788 |
| 100 ## - MAIN ENTRY--PERSONAL NAME | |
| Personal name | Green,Sharon Weiner |
| 245 ## - TITLE STATEMENT | |
| Title | New GRE (Graduate Record Examimation) |
| Remainder of title | BARRON'S The Leader in Test Preparation. |
| Statement of responsibility, etc. | Sharon Weiner Green |
| 250 ## - EDITION STATEMENT | |
| Edition statement | 19th. |
| 260 ## - PUBLICATION, DISTRIBUTION, ETC. | |
| Place of publication, distribution, etc. | Lahore |
| Name of publisher, distributor, etc. | JBD Press |
| Date of publication, distribution, etc. | 2011 |
| 300 ## - PHYSICAL DESCRIPTION | |
| Extent | 523p. |
| 500 ## - GENERAL NOTE | |
| General note | Paper cover |
| 942 ## - ADDED ENTRY ELEMENTS (KOHA) | |
| Institution code [OBSOLETE] | NBS |
| Koha item type | Book |
| Call number prefix | 378.1662 GRE |
| Withdrawn status | Lost status | Source of classification or shelving scheme | Damaged status | Not for loan | Permanent Location | Current Location | Date acquired | Total Checkouts | Full call number | Barcode | Date last seen | Date last checked out | Price effective from | Koha item type | Public note |
|---|---|---|---|---|---|---|---|---|---|---|---|---|---|---|---|
| Write Off | Central Library (CL) | Central Library (CL) | 08/28/2013 | 1 | 378.1662 GRE | NBS8894 | 11/28/2013 | 11/13/2013 | 08/28/2013 | Book | Write off File No.0908/IRC/NBS Dated Aug 16, 2018 |
